| 000 | 00894nam a2200301 a 4500 | ||
|---|---|---|---|
| 999 |
_c3814 _d3814 |
||
| 003 | ALUPE UNIVERSITY | ||
| 005 | 20220218055037.0 | ||
| 008 | 880808s1976 enka b 001 0 eng u | ||
| 020 | _a0412117401 | ||
| 040 | _cKKU | ||
| 050 |
_aQP365.5 _b.P47 |
||
| 060 | 0 | _aWL 500 P445 1976 | |
| 090 |
_aQP365.5 _b.P47 |
||
| 092 | _aD0400440836 | ||
| 092 | _a10194134 | ||
| 245 | 0 | 4 |
_aThe Peripheral nerve / _cedited by D. N. Landon |
| 260 |
_aLondon : _bChapman and Hall ; _aNew York : _bWiley, _cc1976. |
||
| 300 |
_axii, 836 p. : _bill ; _c24 cm |
||
| 500 | _a"A Halsted Press book." | ||
| 500 | _aIncludes index | ||
| 504 | _aBibliography: p. 808-818 | ||
| 650 | 0 | _aNerves, Peripheral | |
| 650 | 0 | _aNerves, Peripheral | |
| 700 | 1 |
_aLandon, D. N., _q(David Neil) |
|
| 942 |
_2lcc _cBK _nWO |
||